KOHA-Header-6

Economics A Complete Course (Record no. 9842)

000 -LEADER
fixed length control field 00239nam a2200109Ia 4500
020 ## - INTERNATIONAL STANDARD BOOK NUMBER
ISBN 978-0199151349
100 ## - MAIN ENTRY--AUTHOR NAME
Personal name Brian Titley
245 #0 - TITLE STATEMENT
Title Economics A Complete Course
260 ## - PUBLICATION, DISTRIBUTION, ETC. (IMPRINT)
Place of publication New Delhi
Name of publisher Oxford
Year of publication 2003
300 ## - PHYSICAL DESCRIPTION
Number of Pages 307
942 ## - ADDED ENTRY ELEMENTS (KOHA)
Koha item type Books
Holdings
Withdrawn status Lost status Collection code Permanent Location Current Location Shelving location Date acquired Full call number Accession Number Koha item type
    Economics MAJU MAJU Shelf No.A47 2019-09-14 330.2 5847 Economics

Powered by Koha